NBA Play-In Tournament Scoring Leaders - Statistics

General Stats
  • This quiz has been taken 71 times
    7 since last reset
  • The average score is 13 of 31
Answer Stats
Games Played Player Points % Correct
3 LeBron James 75
100%
4 Jimmy Butler 109
86%
4 LaMelo Ball 93
86%
6 Stephen Curry 187
86%
7 Bam Adebayo 81
71%
5 Ja Morant 134
71%
4 Jaren Jackson Jr. 62
71%
7 Tyler Herro 178
71%
5 Anthony Davis 136
57%
6 DeMar DeRozan 146
57%
2 Jalen Green 71
57%
6 Trae Young 166
57%
6 Desmond Bane 116
43%
4 Miles Bridges 78
43%
3 Paolo Banchero 60
43%
6 CJ McCollum 110
29%
7 Coby White 118
29%
3 Josh Giddey 62
29%
5 Nikola Vučević 82
29%
3 Zach LaVine 74
29%
5 Brandon Ingram 122
14%
5 Davion Mitchell 74
14%
4 Dejounte Murray 74
14%
5 Dillon Brooks 91
14%
5 Domantas Sabonis 83
14%
9 Jonas Valančiūnas 127
14%
3 Karl-Anthony Towns 63
14%
5 Trey Murphy III 65
14%
6 Andrew Wiggins 122
0%
4 Bogdan Bogdanović 67
0%
3 Darius Garland 76
0%
No matching quizzes found
Score Distribution
Percent of People with Each Score
Percentile by Number Answered
Your Score History
You have not taken this quiz since the last reset